01273nam a22002657a 45000010005000000030006000050050017000110080041000280400033000690820010001021000025001122450145001372600034002823000048003164900033003645050009003975200416004065210029008225210019008516500057008707000017009277000021009447000020009657000022009851521FISKH20231002085453.0230901b cb ||||| |||| 00| 0 fra d aFISKH beng cFISKH dFISKH  a959.6 aSun Heng Meng Heang  aPromenade a Angkor /bAngkor Vat & Bayon : cRédigé par Sun Heng Meng Chheang et Huot Sarith Sous la direction de Françoise Récamier aPhnom Penh : bSipar, c2018. a51 pages : bcolor illustrations ; c20 cm  aJe voudrais savoir vTome I  aZ'  aWritten in English, Exploring Angkor Part 1 (Angkor Wat and Bayon) guides readers to know more about Angkor Wat and Bayon temple based on understanding the low reliefs of those temples. Each low relief provides different information and story: some are history, mythology, Indian Epics (Mahabarata and Ramayana) and daily life (Bayon). Moreover, it also demonstrates the belief of Hinduism based on the reliefs.8 a1000 bLexile estimate 8 aZ' bRaz-Plus  aAngkor Wat vBuddhist temples xHistory yDiscovery  aHuot Sarith  aCunin Olivierq  aPorte Bertrand  aSoutif Dominique